000 01128nam a2200229 i 4500
001 175981
003 ES-MaACL
005 20230906215946.0
008 101003s1963 sp |||| | spa d
080 _a37(460.154 S. S.)
100 1 _aMendiola Querejeta, Rufino.
_9144178
245 1 3 _aLa vida cultural en San Sebastián
_b: anotaciones histórico-retrospectivas : los centros docentes, las sociedades culturales, las publicaciones y revistas, las bibliotecas /
_cpor Rufino Mendiola Querejeta.
260 _aSan Sebastián :
_bAyuntamiento,
_cD. L. 1963.
300 _a152 p. ;
_c21 cm.
490 1 _aComité Ejecutivo de las Conmemoraciones Centenarias de la Reconstrucción y Expansión de la Ciudad, 1813-1863-1963. Colección B ;
_v3
504 _aBibliografía: p. 147.
651 4 _aSan Sebastián-
_xCultura.
_9144179
710 1 _aSan Sebastián.
_bAyuntamiento.
_96490
830 0 _aComité Ejecutivo de las Conmemoraciones Centenarias de la Reconstrucción y Expansión de la Ciudad, 1813-1863-1963. Colección B ;
_v3
_9189881
852 _aES-MaACL
_j2269-F-16
_xOlim P-171-Ter
999 _c175981
_d175981